000 00966nmm a2200289 a 4500
001 ocm0002015740
003 TR-IsHL
005 20201028180609.0
008 181217s2018 tu tur
007 cr cn
020 _a9786052810996
035 _a2015740
_b(N$T)
050 0 4 _aSB295.C35
_bU43 2018
090 0 4 _aSB295.C35
_bU43 2018
100 1 _aUlaş, Erdem
245 1 0 _aGerçek köye dönüş projesi: kenevir
_h[electronic resource] /
_cErdem Ulaş ; editör Hatice Bahtiyar
250 _a1. Baskı
260 _aİstanbul :
_bHiperlink Yayınları,
_c2018
300 _a212 p.
650 4 _aTarım ve Biyoloji
650 4 _aAgricultural and Biological Sciences
650 0 _aKenevir
650 0 _aCannabis
650 7 _aBUSINESS & ECONOMICS / Industries / Pharmaceutical & Biotechnology
_2bisacsh
700 1 _aBahtiyar, Hatice
856 4 0 _uhttp://search.ebscohost.com/login.aspx?direct=true&scope=site&db=e011xww&AN=2015740
999 _c19215
_d19215